00449nam a2200133Ia 4500082001200000100001300012245008600025260002600111300002100137650003800158650005600196650004000252710002300292 aTH.0026 aHira Lal 0aRashtriyakrit Banko ka poorvi Uttar Pradesh ke arthik vikas me yogdan ka adhyayan c1980bKashi Vidyapith a397p. + C D - 36 aBANKS AND BANKING - UTTAR PRADESH aBANKS AND BANKING - NATIONALIZATION - UTTAR PRADESH aUTTAR PRADESH - ECONOMIC CONDITIONS aPandey, Purshottam